| 000 | 01532nam a22003734a 4500 | ||
|---|---|---|---|
| 001 | ebr10064684 | ||
| 003 | CaPaEBR | ||
| 006 | m u | ||
| 007 | cr cn||||||||| | ||
| 008 | 031112s2004 dcuab sb 001 0 eng | ||
| 010 | _z 2003024792 | ||
| 020 | _z1559635266 (cloth : alk. paper) | ||
| 020 | _z1559635274 (pbk. : alk. paper) | ||
| 040 |
_aCaPaEBR _cCaPaEBR |
||
| 035 | _a(OCoLC)56418879 | ||
| 050 | 1 | 4 |
_aQC879.8 _b.G55 2004eb |
| 082 | 0 | 4 |
_a363.738/746 _222 |
| 245 | 0 | 4 |
_aThe global carbon cycle _h[electronic resource] : _bintegrating humans, climate, and the natural world / _cedited by Christopher B. Field and Michael R. Raupach. |
| 260 |
_aWashington : _bIsland Press, _cc2004. |
||
| 300 |
_axxiv, 526 p. : _bill. (some col.), maps (some col.). |
||
| 490 | 1 |
_aSCOPE ; _v62 |
|
| 504 | _aIncludes bibliographical references and index. | ||
| 533 |
_aElectronic reproduction. _bPalo Alto, Calif. : _cebrary, _d2013. _nAvailable via World Wide Web. _nAccess may be limited to ebrary affiliated libraries. |
||
| 650 | 0 | _aAtmospheric carbon dioxide. | |
| 650 | 0 | _aCarbon cycle (Biogeochemistry) | |
| 650 | 0 | _aGreenhouse gas mitigation. | |
| 650 | 0 |
_aNature _xEffect of human beings on. |
|
| 655 | 7 |
_aElectronic books. _2local |
|
| 700 | 1 | _aField, Christopher B. | |
| 700 | 1 |
_aRaupach, M. R. _q(Michael R.) |
|
| 710 | 2 | _aebrary, Inc. | |
| 830 | 0 |
_aSCOPE report ; _v62. |
|
| 856 | 4 | 0 |
_uhttp://site.ebrary.com/lib/rucke/Doc?id=10064684 _zAn electronic book accessible through the World Wide Web; click to view |
| 999 |
_c159823 _d159823 |
||